| 000 | 00962nam a22002177a 4500 | ||
|---|---|---|---|
| 003 | 0 | ||
| 005 | 20250201140841.0 | ||
| 008 | 250201b xxu||||| |||| 00| 0 eng d | ||
| 050 |
_aHV 5767 _b.J59 2023 |
||
| 100 | _a Jiwatramani, Vincent Miles M. | ||
| 245 |
_aImpact of graphic health warning labels on cigarrete packets towards consumer purchasing intentions by selected cigarette smokers in Las Pinas _cVincent Miles M. Jiwatramani |
||
| 260 |
_a Las Pinas City _bSouthville International School and Colleges _c2023 |
||
| 300 |
_aviii, 110 pages ; _c28cm. |
||
| 500 | _aBachelor of Science in Business Administration Major in Marketing Management. | ||
| 504 | _aIncludes bibliographical references and appendices. | ||
| 650 | _aCigarette smoking—Health aspects. | ||
| 650 | _aTobacco—Warning labels –Reseearch. | ||
| 650 | _aConsumer behavior – Research. | ||
| 650 | _aPackaging—Psychological aspects – Research. | ||
| 942 |
_2lcc _cTH |
||
| 999 |
_c367091 _d367091 |
||